000
00282nam a2200121Ia 4500
008
190216s9999||||xx |||||||||||||| ||und||
100
_a
Induchoodan M
245
0
_a
Tavala Angolpathi
260
_b
Kerala Bhasha Institute
_c
1973
300
_a
252p
650
_a
Zoology
942
_c
BK
999
_c
37806
_d
37806